| 000 | 01029nam0a22002411 4500 | ||
|---|---|---|---|
| 001 | v19\rc\1907503 | ||
| 005 | 20251118180542.8 | ||
| 035 | _a(NLR Aleph) 004996570 | ||
| 090 |
_a6341967 _c6341967 |
||
| 100 | _a20080404d1911 u y0rusy50 ca | ||
| 101 | 0 | _arus | |
| 102 | _aRU | ||
| 105 | _ay z ||||| | ||
| 200 | 1 |
_aДоклад по делу об установлении особого порядка возведения в дворянское достоинство за полезную на местах деятельность с землевладением _fОсобая комис. по вопросу об условиях приобретения прав потомств. дворянства. Заседания 3 янв. и 2 февр. 1911 г. |
|
| 210 |
_a[Санкт-Петербург _d1911] |
||
| 215 | _a12 с. | ||
| 801 | 0 |
_aRU _bNLR _gpsbo |
|
| 801 | 0 |
_aRU _bRuMoRGB _2psbo |
|
| 801 | 1 |
_aRU _bProSoft-M _2rusmarc |
|
| 852 |
_aNLR _j37.53.3.710 |
||
| 899 |
_aRuMoRGB _jЯ 76/106 |
||
| 942 | _cBOOK | ||
| 980 | _aNB | ||